000 00654nam a2200181Ia 4500
008 090124s9999 xx 000 0 und d
082 _b119853
100 _aटिकेकर ग.रा.
245 _a कुणाचे ओझे ( विस्मयपूर्ण भयकथा )
250 _a1
260 _c1983
300 _a239
600 _aटिकेकर ग.रा.
630 _a कुणाचे ओझे ( विस्मयपूर्ण भयकथा )
700 _aटिकेकर ग.रा.
730 _a कुणाचे ओझे ( विस्मयपूर्ण भयकथा )
942 _cBOOK
999 _c165939
_d165939